00317nam a2200097 45000820013000001000017000132450150000302600011001803000011001917000017002020 a261.83571 aTerry, J. O.10aGod and woman :bA chronological Bible storying model for storying the good news to a primarily oral culture Muslim women's worldviewcJ.O. Terry cc.1998 a189 p.1 aTerry, J. O.